| 000 | 00995pam a2200301 a 4500 | ||
|---|---|---|---|
| 005 | 20260322212056.0 | ||
| 008 | data | ||
| 010 | _a 91022867 | ||
| 020 |
_a0130923052 : _c{dollar}34.00 |
||
| 020 |
_a9780130923059 : _c{dollar}34.00 |
||
| 040 |
_aDLC _cDLC _dDLC |
||
| 043 | _an-us--- | ||
| 050 | 0 | 0 |
_aKF1600 _b.D85 1992 |
| 082 | 0 | 0 |
_a347.3067 _a347.3067 _220 |
| 092 | _a346.73 D85 1992 | ||
| 100 | 1 | _aDunfee, Thomas W. | |
| 245 | 1 | 0 |
_aBusiness and its legal environment / _cThomas W. Dunfee, Janice R. Bellace & David Barrett Cohen. |
| 250 | _a3rd ed. | ||
| 260 |
_aEnglewood Cliffs, N.J. : _bPrentice Hall, _cc1992. |
||
| 300 |
_axiii, 815 p. : _bill. ; _c25 cm. |
||
| 500 | _aRev. ed. of: Business and its legal environment / Thomas W. Dunfee ... [et al.]. | ||
| 500 | _aIncludes indexes. | ||
| 650 | 0 |
_aIndustrial laws and legislation _zUnited States. |
|
| 650 | 0 |
_aTrade regulation _zUnited States. |
|
| 700 | 1 | _aBellace, Janice R. | |
| 700 | 1 | _aCohen, David Barrett. | |
| 001 | data | ||
| 999 |
_c1333 _d1333 |
||